00346pab a2200133 454500008004000000100002200040245004300062260000900105300001100114362000900125650001900134700002200153773003700175180718b1987 xxu||||| |||| 00| 0 eng d aCarroll, Glenn R. aThe career dynamics of self employment c1987 a570-89 aDec. aCareer Service aElaine Mosakowski aAdministrative Science Quarterly